Reseña histórica de la ciudad de Alicante / (Record no. 156467)

MARC details
000 -LEADER
campo de control de longitud fija 00666nam a22001815i 4500
001 - NÚMERO DE CONTROL
campo de control 156467
003 - IDENTIFICADOR DE NÚMERO DE CONTROL
campo de control ES-MaACL
005 - FECHA Y HORA DE LA ÚLTIMA TRANSACCIÓN
campo de control 20230906210421.0
008 - DATOS DE LONGITUD FIJA--INFORMACIÓN GENERAL
campo de control de longitud fija 010419s1863 sp a |||| | spa d
040 ## - FUENTE DE CATALOGACIÓN
Centro catalogador/agencia de origen CCPB | B
Lengua de catalogación spa
Centro/agencia transcriptor CCPB | B
100 1# - ENTRADA PRINCIPAL--NOMBRE DE PERSONA
Nombre de persona Jover, Nicasio Camilo.
9 (RLIN) 128378
245 10 - MENCIÓN DEL TÍTULO
Título Reseña histórica de la ciudad de Alicante /
Mención de responsabilidad, etc. por Nicasio Camilo Jover.
260 ## - PUBLICACIÓN, DISTRIBUCIÓN, ETC.
Lugar de publicación, distribución, etc. Alicante :
Nombre del editor, distribuidor, etc. [s.n.],
Fecha de publicación, distribución, etc. 1863 (
Fabricante Imp. y lit. de la V. de Juan J. Carratalá)
300 ## - DESCRIPCIÓN FÍSICA
Extensión 307, [5], 104 p., [8] h. de grab. ;
Dimensiones 22 cm.
599 ## - NOTA A LAS ILUSTRACIONES
NOTA A LAS ILUSTRACIONES Las h. de grab. litogr.: "Vª Carratalá; Alic."
651 #4 - PUNTO DE ACCESO ADICIONAL DE MATERIA--NOMBRE GEOGRÁFICO
Nombre geográfico Alicante-
Subdivisión general Historia.
9 (RLIN) 7681
852 ## - LOCALIZACIÓN
Ubicación ES-MaACL
Número de control de estantería D-4058
Nota libre -- Enc. hol.
Holdings
Estatus retirado Estado de pérdida Estado de daño No para préstamo Colección Biblioteca de origen Biblioteca actual Ubicación en estantería Fecha de adquisición Fuente de adquisición Total de préstamos Signatura topográfica completa Código de barras Visto por última vez Precio de reemplazo Tipo de ítem Koha
        Libros del s. XIX Biblioteca del Ateneo de Madrid Biblioteca del Ateneo de Madrid Sala Valle Inclán 17/01/2008     D-4058 901163699 23/02/2023 23/02/2023 Libro impreso antiguo